| 000 | 00574nam a2200181Ia 4500 | ||
|---|---|---|---|
| 003 | GCL | ||
| 008 | 140319s9999 xx 000 0 ara d | ||
| 040 |
_aGCL / _cGCL |
||
| 082 | 0 | 4 |
_a813.01 _bا ش |
| 100 | 1 | _aابراهيم عبدالمجيد | |
| 245 | 1 | 0 |
_aالشجرة والعصافير / _cابراهيم عبدالمجيد |
| 300 | _a104 ص | ||
| 490 |
_aمكتبة الاسرة _v0 |
||
| 650 | 0 | 4 | _aالقصص العربية القصيرة - مصر |
| 650 | 0 | 4 | _aالقصص العربية - مصر |
| 650 | 0 | 4 | _aالادب العربى - مصر |
| 942 |
_2ddc _cBK |
||
| 999 |
_c50765 _d50765 |
||